Fußball mit "R" - Statistiken

Allgemein
  • Dieses Quiz wurde 180 mal gespielt
  • Das Durchschnittsergebnis liegt bei 14 aus 18
Antwortstatistiken
Hinweis Antwort % Korrekt
Seit 2008 Bezeichnung für die in mehrere Staffeln unterteilte vierthöchste Spielklasse in Deutschland {Regional}liga
95%
Als Spieler von Bayern München wurde er drei mal Bundesliga-Torschützenkönig und und 1980 und 81 zu Europas Fußballer des Jahres gewählt Karl-Heinz {Rummenigge}
93%
1934 und 1990 fand das WM-Finale in dieser europäischen Hauptstadt statt Rom
93%
Nenne einen der drei Spieler mit Ein-Wort-Namen, die im WM-Finale 2002 in der brasilianischen Offensive spielten Ronaldo | Rivaldo | Ronaldinho
92%
Die Wappen von Werder Bremen und Borussia Mönchengladbach haben diese geometrische Form Raute
91%
Sportart, von der sich der Fußball ab Mitte des 19. Jahrhunderts abzuspalten begann, wobei der Hauptunterschied zunächst darin lag, dass der Ball nicht mehr mit der Hand berührt werden durfte Rugby
91%
Vereinsname von erfolgreichen Clubs aus Bukarest und Wien Rapid
89%
Erzrivale von Celtic Rangers
87%
Das Land war einer der vier europäischen Teilnehmer bei der ersten WM 1930 in Uruguay Rumänien
86%
1992 eingeführte Regel, nach der der Torwart den Ball nicht in die Hand nehmen darf, wenn er von einem Mitspieler kommt {Rückpass}regel
85%
Rekordspieler von Real Madrid, der auch 66 mal für Schalke 04 auflief Raúl
81%
Aus dieser Stadt kommen die Vereine Flamengo, Fluminense und Vasco da Gama Rio de Janeiro
79%
Ehemaliges Stadion von Fortuna Düsseldorf, das 2002 abgerissen wurde {Rhein}stadion
69%
Als Trainer von Bayer Leverkusen gewann er 1988 den UEFA-Pokal, bei Bayern München und als Bundestrainer war er weniger erfolgreich Erich {Ribbeck}
68%
Der Club aus Buenos Aires ist der argentinische Verein, der die meisten Titel gewonnen hat River Plate
67%
Stadtteil von Trondheim, aus dem der norwegische Rekordmeister kommt Rosenborg
60%
Song, den die Sportfreunde Stiller gemeinsam mit dem paraguayanischen Bayern-Stürmer Santa Cruz aufnahmen Ich {Roque}
48%
Name des Vereins aus dem nordspanischen Santander Racing
48%
Keine übereinstimmenden Quizze gefunden
Verteilung der Resultate
Anzahl Personen mit jedem Resultat
Perzentil nach korrekt beantworteten Fragen
Ihre Resultats-Entwicklung
Sie haben dieses Quiz noch nicht gespielt